| 000 | 01482cam a22004097a 4500 | ||
|---|---|---|---|
| 003 | CHAP | ||
| 005 | 20220329142822.0 | ||
| 008 | 040426s2003 mx a r 00010 spa d | ||
| 010 | _a88233 | ||
| 011 | _a89205 | ||
| 035 | _a99756 | ||
| 040 | _cCHAP | ||
| 090 | _aTesis | ||
| 100 | 0 | 0 |
_aSánchez Damas, Jairo Jeremias. _9107447 |
| 245 | 1 | 0 |
_aEstudio anatómico de la poliembrionía en tres portainjertos de cítricos _c/por Jairo Jeremias Sánchez Damas |
| 260 |
_aChapingo, Méx. : _bEl autor, _c2003 |
||
| 300 |
_a53 h. : _bilus. |
||
| 502 | _aTesis (Ing. Agr. Esp. en Fitotecnia) -- UACH. Departamento de Fitotecnia | ||
| 530 | _aTambién disponible en línea | ||
| 590 |
_aALEPH _b10 _c20130110 _lUCH01 _h1456 |
||
| 590 |
_aBATCH-UPD _b10 _c20130110 _lUCH01 _h0705 |
||
| 590 |
_aBATCH-UPD _b10 _c20130410 _lUCH01 _h0350 |
||
| 590 |
_aBATCH-UPD _b10 _c20130914 _lUCH01 _h0959 |
||
| 590 |
_aBATCH-UPD _b10 _c20140324 _lUCH01 _h1443 |
||
| 590 |
_aBATCH-UPD _b10 _c20141002 _lUCH01 _h0820 |
||
| 590 |
_aCONVERSION _b10 _c20130109 _lUCH01 _h1349 |
||
| 650 | 1 | 4 |
_aApomixis. _96322 |
| 650 | 1 | 4 |
_aCítricos. _924392 |
| 650 | 1 | 4 |
_aPoliembrionía. _990231 |
| 650 | 1 | 4 |
_aPortainjertos. _990968 |
| 856 |
_3Finding aid _uhttp://10.13.5.2/tesis/99756.pdf _zTeclea aqui |
||
| 901 | _aBK | ||
| 905 | _aMarco A. Mendoza T. | ||
| 942 | _cFOLL | ||
| 949 |
_aTesis _bBC _cTES _d33724000909388 _eTS2 _fc.2 _gDonaciØn _h41694 _i99756 _si |
||
| 949 |
_aTesis _bBC _cTES _d997561 _eTS1 _gDonaciØn _h41693 _i99756 _sb |
||
| 999 |
_c88233 _d88233 |
||